- Gómez Rodríguez, Amparo
Entry Nombre Personal
001 - NUMERO DE CONTROL
- campo de control: 48199
003 - IDENTIFICADOR DE NUMERO DE CONTROL
- campo de control: DLC
005 - FECHA Y HORA DE LA ÜLTIMA TRANSACCIÓN
- campo de control: 20230309124411.0
008 - DATOS DE LONGITUD FIJA
- campo de control de longitud fija: 930818n| azannaabn |a aaa
010 ## - NÚMERO DE CONTROL DE LA BIBLIOTECA DEL CONGRESO
- Número de control LC: n 93079514
035 ## - NUMERO DE CONTROL
- Número de control: (OCoLC)oca03435196
040 ## - FUENTE DE CATALOGACIÓN
- Agencia original de catalogación: DLC
- Lenguaje de catalogación: spa
- Agencia de transcripción: DLC
- Agencia que lo modifica: OCoLC
- Agencia que lo modifica: DLC
- Agencia que lo modifica: MX-MxUPN
- Description conventions: rda
046 ## - FECHAS CON CODIFICACIÓN ESPECIAL
- Fecha de muerte: 2018-03-13
- Fuente del formato de fecha: edtf
100 1# - ENCABEZAMIENTO - NOMBRE PERSONAL
- Nombre personal: Gómez Rodríguez, Amparo
370 ## - LUGAR ASOCIADO
- Place of death: Santa Cruz de Tenerife, Islas Canarias
- Other associated place: La Laguna, Islas Canarias
- Fuente del término: naf
372 ## - CAMPO DE ACTIVIDAD
- Field of activity: Ciencias -- Filosofía
- Field of activity: Ciencias sociales -- Filosofía
- Field of activity: Ciencia -- Aspectos sociales
- Fuente del término: Autoridades BGTQ
373 ## - GRUPO ASOCIADO
- Associated group: Universidad de La Laguna
- Fuente del término: naf
377 ## - LENGUA ASOCIADA
- Language code: spa
- Language code: eng
400 1# - VEÁSE - NOMBRE DE PERSONA
- Personal name: Rodríguez, Amparo Gómez
400 1# - VEÁSE - NOMBRE DE PERSONA
- Personal name: Gómez, Amparo
670 ## - FUENTE EN LA QUE SE LOCALIZARON DATOS
- Cita de la fuente: Sobre actores y tramoyas, 1992:
- Información localizada: portada (Amparo Gómez Rodríguez)
670 ## - FUENTE EN LA QUE SE LOCALIZARON DATOS
- Cita de la fuente: Science policies and twentieth-century dictatorships, 2015:
- Información localizada: ECIP portada (Amparo Gómez) vista de datos (Universidad de La Laguna, Spain)
670 ## - FUENTE EN LA QUE SE LOCALIZARON DATOS
- Cita de la fuente: Universidad de La Laguna website, January 6, 2015
- Información localizada: (Amparo Gómez Rodríguez; líneas de investigación: filosofía de la ciencia y de las ciencias sociales; libros: (con Canales Serrano, A.F., eds.): Estudios políticos de la ciencia : Políticas y desarrollo científico en el siglo XX (Madrid, Plaza y Valdés, 2013); Sobre actores y tramoyas : la explicación situacional de la acción individual (Barcelona, Anthropos, 1992); et al.)
670 ## - FUENTE EN LA QUE SE LOCALIZARON DATOS
- Cita de la fuente: El país WWW site, viewed March 27, 2018
- Información localizada: (in obituary dated March 21, 2018: Amparo Gómez Rodríguez, prof. of logic and philosophy of science at Univ. de La Laguna since 2004, died March 13 in Tenerife; received doctorate from same univ. in 1987; devoted her research to the philosophy of the social sciences, to science and gender, and to political studies of science)
670 ## - FUENTE EN LA QUE SE LOCALIZARON DATOS
- Cita de la fuente: Escritos sobre ciencia y género, 2019:
- Información localizada: portada (Amparo Gómez Rodríguez,
902 ## - CATALOGADOR
- Catalogador: VíctorGodínez/090323
